000 01138nam0a22003011 4500
001 v19\rc\1707285
005 20061002163422.8
035 _a(NLR Aleph) 004807902
090 _a4897443
_c4897443
100 _a20061002d1899 |||y0rusy50 ca
101 0 _arus
102 _aRU
105 _ay z |||||
200 1 _aОпись казачьих дел Московского отделения общего архива Главного штаба
_fСост. есаул И.И. Дмитренко
210 _aСанкт-Петербург
_cВоен.-учен. ком. Гл. штаба
_d1899
215 _a4, 538, 49 с.
_d24
700 1 _aДмитренко
_bИ. И.
_gИван Иванович
_4220
712 0 1 _aРоссия
_bГлавный штаб
_bОбщий архив
_bМосковское отделение
_3RU\NLR\AUTH\889957375
801 0 _aRU
_bNLR
_gpsbo
801 0 _aRU
_bRuMoRGB
_2psbo
801 1 _aRU
_bProSoft-M
_2rusmarc
852 _aNLR
_j133/1112
852 _aNLR
_bМф
_jК-1/23076
899 _aRuMoRGB
_jA 213/2093
899 _aRuMoRGB
_jΔ 404/122
899 _aНБ СПбГУ
942 _cBOOK
980 _aNB